000 00846nam a2200241Ia 4500
005 20221129150656.0
008 210716s2008 xx 000 0 und d
020 _a9788126518067
020 _a9788126518050
040 _cAIMIT LIBRARY
041 _aeng
082 _a519.2
_bFELW
100 _aFeller, William.
_964187
245 _aIntroduction to probability theory and its applications/
_cBy William Feller.
250 _a3rd ed.
250 _a2nd ed.
260 _aNew Delhi :
_bWiley India Pvt Ltd ,
_c2008.
300 _a1v.(xviii,509p.) ;
_a2v.(xxiv,669p.) ;
_bPB
_c22.7 cm
440 _v1
_aIntroduction to probability theory and its applications
_964196
440 _v2
_aIntroduction to probability theory and its applications
_964196
650 _aProbabilities and applied mathematics.
_964188
942 _2ddc
_cBK
_k519.2 FELW
999 _c189300
_d189300